Основания статики: пер. с фр.

Bibliografiske detaljer
Hovedforfatter: Пуансо Л. Луи
Andre forfattere: Ассонов В. И. Василий Иванович (переводчик)
Summary:Перевод с X (последнего) издания
Его превосходительству академику Императорской Академии наук Димитрию Матвеевичу Перевозчикову в знак глубочайшего уважения посвящает переводчик
Sprog:russisk
Udgivet: Санкт-Петербург, Издание Товарищества "Общественная польза", 1866
Fag:
Format: Bog
KOHA link:https://koha.lib.tpu.ru/cgi-bin/koha/opac-detail.pl?biblionumber=293035

MARC

LEADER 00000nam0a2200000 4500
001 293035
005 20231102000545.0
035 |a (RuTPU)RU\TPU\book\317866 
090 |a 293035 
100 |a 20150428d1866 m y0rusy50 ca 
101 1 |a rus  |c fre 
102 |a RU 
105 |a a j 000zy 
200 1 |a Основания статики  |e пер. с фр.  |f Л. Пуансо  |g пер. В. И. Ассонов 
210 |a Санкт-Петербург  |c Издание Товарищества "Общественная польза"  |d 1866 
215 |a 171 с.  |c ил. 
300 |a Перевод с X (последнего) издания 
300 |a Его превосходительству академику Императорской Академии наук Димитрию Матвеевичу Перевозчикову в знак глубочайшего уважения посвящает переводчик 
606 1 |a Статика  |2 stltpush  |3 (RuTPU)RU\TPU\subj\56817  |9 74707 
610 1 |a движущие тела 
610 1 |a движущие силы 
610 1 |a равновесие сил 
610 1 |a равновесие 
610 1 |a центры тяжести 
610 1 |a рычажные механизмы 
610 1 |a наклонные плоскости 
610 1 |a уравнения 
610 1 |a учебные пособия 
610 1 |a коллекция русских учебников 
675 |a 531.2(075.8)  |v 4 
700 1 |a Пуансо  |b Л.  |c французский механик  |c математик  |f 1777-1859  |g Луи  |2 stltpush  |3 (RuTPU)RU\TPU\pers\1072  |9 484 
702 1 |a Ассонов  |b В. И.  |c популяризатор науки  |c калужский краевед  |c писатель  |c переводчик  |c почетный член Московского архивного института  |f 1843-1918  |g Василий Иванович  |2 stltpush  |3 (RuTPU)RU\TPU\pers\34370  |4 730 
801 1 |a RU  |b 63413507  |c 20150428 
801 2 |a RU  |b 63413507  |c 20210417  |g RCR 
942 |c BK